Trace the Coast of the Americas with a Map - Whammies - Statistics

General Stats
  • This quiz has been taken 788 times
  • The average score is 25 of 33
Answers on the Map
Answers color-coded by a green-red scale on the quiz's map according to % correct below.
 
Answer Stats
Country % Correct
Canada
100%
United States (Alaska)
99%
Canada
96%
United States (Point Roberts)
96%
Canada (Tsawwassen peninsula)
94%
United States
94%
Mexico
92%
Guatemala
86%
El Salvador
80%
Honduras
74%
Argentina
72%
Brazil
72%
Chile
72%
Colombia
72%
Colombia
72%
Costa Rica
72%
Ecuador
72%
France (French Guiana)
72%
Guyana
72%
Nicaragua
72%
Panama
72%
Panama
72%
Peru
72%
Suriname
72%
Uruguay
72%
Venezuela
72%
Costa Rica
71%
Nicaragua
71%
Honduras
70%
Belize
64%
Guatemala
64%
Mexico
63%
United States
63%
No matching quizzes found
Score Distribution
Percent of People with Each Score
Percentile by Number Answered
Your Score History
You have not taken this quiz